Economic growth in India and its many dimensions (Record no. 446330)

000 -LEADER
fixed length control field 00317cam a22001097a 4500
008 - FIXED-LENGTH DATA ELEMENTS--GENERAL INFORMATION
fixed length control field 180718b2018 xxu||||| |||| 00| 0 eng d
020 ## - INTERNATIONAL STANDARD BOOK NUMBER
International Standard Book Number 9789352870875
245 ## - TITLE STATEMENT
Title Economic growth in India and its many dimensions
Statement of responsibility, etc. edited by Arup Mitra
260 ## - PUBLICATION, DISTRIBUTION, ETC.
Place of publication, distribution, etc. Hyderabad
Name of publisher, distributor, etc. Orient
Date of publication, distribution, etc. 2018
300 ## - PHYSICAL DESCRIPTION
Extent 340p.
700 ## - ADDED ENTRY--PERSONAL NAME
Personal name Mitra, Arup
Holdings
Withdrawn status Lost status Damaged status Not for loan Permanent Location Current Location Date acquired Full call number Barcode Date last seen Price effective from Koha item type
        Indian Institute of Public Administration Indian Institute of Public Administration 2018-04-18 T19x54 M697e 87525 2018-07-21 2018-07-21 Book

Powered by Koha